[Event "ENCI Limburg-open A"]
[Site "Maastricht"]
[Date "2008.05.11"]
[Round "4"]
[White "Dgebuadze, Alexandre"]
[Black "Kodentsov, Grisja"]
[Result "1/2-1/2"]
[WhiteElo "2528"]
[BlackElo "2275"]
[PlyCount "141"]
[EventDate "2008.05.09"]
[EventType "swiss"]
[EventRounds "7"]
[EventCountry "NED"]
[Source "P.Boonen"]
[SourceDate "2010.01.01"]

1. e4 c5 2. Nf3 d6 3. d4 cxd4 4. Nxd4 Nf6 5. Nc3 a6 6. Be3 e5 7. Nf3 Be7 8. Bc4
O-O 9. Qe2 Nc6 10. h3 b5 11. Bb3 Bb7 12. Nd5 Nxd5 13. Bxd5 Qc7 14. O-O Nb4 15.
Bxb7 Qxb7 16. c3 Nc6 17. Rad1 Nd8 18. Bc1 Ne6 19. Rfe1 Rad8 20. Qc2 Nc5 21. b3
a5 22. Bb2 Kh8 23. c4 b4 24. Rd5 Qc7 25. Bc1 Ne6 26. Red1 Rfe8 27. Be3 Kg8 28.
Qd2 Ra8 29. Rb5 Reb8 30. Qd5 Ra6 31. Rxb8+ Qxb8 32. Qb5 Qc8 33. c5 dxc5 34.
Nxe5 Bf6 35. Nd7 Bd4 36. Bxd4 cxd4 37. Nb6 Qb7 38. Qe8+ Nf8 39. Nc4 Re6 40. Qd8
Qxe4 41. Qxd4 Qe2 42. Nxa5 h6 43. Qd2 Qe4 44. Nc4 Rg6 45. Ne3 Ne6 46. Qd5 Qh4
47. Nf5 Qf6 48. Ng3 Qc3 49. Qd2 Qc5 50. Rc1 Qa7 51. Kh2 Kh7 52. Rc4 Qa8 53.
Rxb4 f5 54. f4 Nc5 55. Rc4 Ne4 56. Nxe4 fxe4 57. Qe2 e3 58. Rc3 Qe4 59. g3 Re6
60. a4 Qd4 61. Rc2 Rb6 62. Qc4 Rb4 63. Qe6 Qd3 64. Rg2 Re4 65. Qf5+ Kg8 66.
Qc8+ Kh7 67. Qc1 e2 68. Qe1 Re3 69. Kg1 Qxb3 70. Rxe2 Rc3 71. Rc2 1/2-1/2

[Event "ENCI Limburg-open A"]
[Site "Maastricht"]
[Date "2008.05.11"]
[Round "4"]
[White "Epishin, Vladimir"]
[Black "Klimov, Sergey"]
[Result "1/2-1/2"]
[WhiteElo "2566"]
[BlackElo "2484"]
[PlyCount "109"]
[EventDate "2008.05.09"]
[EventType "swiss"]
[EventRounds "7"]
[EventCountry "NED"]
[Source "P.Boonen"]
[SourceDate "2010.01.01"]

1. d4 Nf6 2. Nf3 g6 3. g3 Bg7 4. Bg2 O-O 5. O-O d6 6. Nbd2 Nc6 7. e4 Bg4 8. d5
Ne5 9. h3 Nxf3+ 10. Nxf3 Bxf3 11. Qxf3 Nd7 12. c3 c6 13. Qe2 Re8 14. Be3 Qc7
15. Rad1 Nb6 16. Rfe1 cxd5 17. exd5 Qc4 18. Bxb6 Qxe2 19. Rxe2 axb6 20. a3 Ra4
21. Rde1 Bf6 22. Re4 Rea8 23. Bf1 Rxe4 24. Rxe4 Ra5 25. Rb4 Rxd5 26. Rxb6 Rd2
27. Rxb7 d5 28. a4 d4 29. c4 d3 30. Rd7 Bxb2 31. c5 Rc2 32. a5 Ba3 33. Bxd3
Rc1+ 34. Kg2 Bxc5 35. Rc7 Rc3 36. Bb5 Bb4 37. Rxc3 Bxc3 38. a6 Bd4 39. f4 e6
40. Kf3 Kf8 41. Ke4 Ba7 42. g4 h6 43. g5 hxg5 44. fxg5 Ke7 45. h4 Bg1 46. Be2
Bf2 47. Kd3 Kd6 48. h5 gxh5 49. Bxh5 Ke7 50. Kc4 Kf8 51. Kb5 Kg7 52. Kc6 f6 53.
g6 f5 54. Kd7 Kf6 55. g7 1/2-1/2

[Event "ENCI Limburg-open A"]
[Site "Maastricht"]
[Date "2008.05.11"]
[Round "4"]
[White "Floor, Dirk"]
[Black "Thora, Jack"]
[Result "1-0"]
[WhiteElo "2221"]
[BlackElo "1894"]
[PlyCount "53"]
[EventDate "2008.05.09"]
[EventType "swiss"]
[EventRounds "7"]
[EventCountry "NED"]
[Source "P.Boonen"]
[SourceDate "2010.01.01"]

1. e4 Nf6 2. e5 Nd5 3. d4 d6 4. Nf3 dxe5 5. Nxe5 g6 6. Bc4 Be6 7. Nc3 c6 8. Ne4
Bg7 9. Ng5 Qd6 10. O-O f6 11. Nxe6 Qxe6 12. Nd3 Qd6 13. Re1 Nd7 14. Bb3 b5 15.
a4 b4 16. a5 e5 17. Bd2 Rb8 18. c4 bxc3 19. bxc3 Kd8 20. dxe5 fxe5 21. Nb4 Nxb4
22. cxb4 Qd4 23. Rc1 c5 24. bxc5 Kc8 25. c6 Nc5 26. Rxc5 Qxc5 27. Qg4+ 1-0

[Event "ENCI Limburg-open A"]
[Site "Maastricht"]
[Date "2008.05.11"]
[Round "4"]
[White "Gijsen, Stief"]
[Black "Konings, Frans"]
[Result "1-0"]
[WhiteElo "2079"]
[BlackElo "2262"]
[PlyCount "63"]
[EventDate "2008.05.09"]
[EventType "swiss"]
[EventRounds "7"]
[EventCountry "NED"]
[Source "P.Boonen"]
[SourceDate "2010.01.01"]

1. e4 d6 2. d4 Nf6 3. Nc3 g6 4. Be3 c6 5. h3 Nbd7 6. f4 b5 7. Qf3 b4 8. Na4 Qa5
9. b3 Bg7 10. Bd3 Ba6 11. Bd2 O-O 12. a3 Bxd3 13. cxd3 Qb5 14. axb4 e5 15. Ne2
c5 16. bxc5 Ne8 17. cxd6 Nxd6 18. fxe5 f5 19. Nac3 Qxb3 20. exd6 fxe4 21. Qxe4
Nb6 22. Rf1 Rfe8 23. Qc6 Bxd4 24. Rb1 Qc2 25. d7 Rf8 26. Qe6+ Kh8 27. Rxf8+
Rxf8 28. Nxd4 Qxd3 29. Qe5+ Kg8 30. Qe6+ Kh8 31. Nde2 Nc4 32. Qd5 1-0

[Event "ENCI Limburg-open A"]
[Site "Maastricht"]
[Date "2008.05.11"]
[Round "4"]
[White "Grandadam, Nicolas"]
[Black "Heirich, Andreas"]
[Result "1/2-1/2"]
[WhiteElo "2059"]
[BlackElo "1910"]
[PlyCount "58"]
[EventDate "2008.05.09"]
[EventType "swiss"]
[EventRounds "7"]
[EventCountry "NED"]
[Source "P.Boonen"]
[SourceDate "2010.01.01"]

1. Nf3 Nf6 2. c4 g6 3. Nc3 Bg7 4. e4 d6 5. d4 O-O 6. Be2 c6 7. O-O Bg4 8. Be3
Nbd7 9. Qc2 e5 10. Rab1 Qe7 11. b4 Rfc8 12. dxe5 Nxe5 13. Nxe5 Bxe2 14. Nxg6
hxg6 15. Qxe2 Nxe4 16. Bd2 Re8 17. Rbe1 Nxd2 18. Qxd2 Bxc3 19. Qxc3 Qd7 20. Re3
Rxe3 21. fxe3 Re8 22. Rf3 Qe7 23. Qd4 c5 24. Qf4 cxb4 25. h4 Rf8 26. Rg3 Qe5
27. Qg4 Qe6 28. Qg5 Qe5 29. Qg4 Qe6 1/2-1/2

[Event "ENCI Limburg-open A"]
[Site "Maastricht"]
[Date "2008.05.11"]
[Round "4"]
[White "Hamblok, Roel"]
[Black "Polak, Indra"]
[Result "1-0"]
[WhiteElo "2088"]
[BlackElo "2184"]
[PlyCount "41"]
[EventDate "2008.05.09"]
[EventType "swiss"]
[EventRounds "7"]
[EventCountry "NED"]
[Source "P.Boonen"]
[SourceDate "2010.01.01"]

1. e4 c5 2. Nc3 Nc6 3. f4 g6 4. Nf3 Bg7 5. Bb5 Nd4 6. O-O Nxb5 7. Nxb5 d5 8.
exd5 a6 9. Nc3 Nf6 10. d4 Nxd5 11. dxc5 Nxc3 12. Qxd8+ Kxd8 13. bxc3 Bxc3 14.
Rb1 f6 15. Rd1+ Kc7 16. Rd3 Ba5 17. Ra3 b6 18. Be3 Rb8 19. cxb6+ Rxb6 20. Rxb6
Bxb6 21. Rc3+ 1-0

[Event "ENCI Limburg-open A"]
[Site "Maastricht"]
[Date "2008.05.11"]
[Round "4"]
[White "Haverkamp, Klaus"]
[Black "Sprangers, Remco"]
[Result "0-1"]
[WhiteElo "2018"]
[BlackElo "2211"]
[PlyCount "93"]
[EventDate "2008.05.09"]
[EventType "swiss"]
[EventRounds "7"]
[EventCountry "NED"]
[Source "P.Boonen"]
[SourceDate "2010.01.01"]

1. e4 e5 2. Nf3 Nc6 3. Bb5 a6 4. Ba4 Nf6 5. O-O Be7 6. Re1 b5 7. Bb3 d6 8. h3
O-O 9. c3 Na5 10. Bc2 c5 11. d4 Qc7 12. Nbd2 Bd7 13. b3 cxd4 14. cxd4 Rfc8 15.
Bb1 Qc3 16. b4 Qxa1 17. bxa5 Rc3 18. Re3 Rac8 19. Rxc3 Qxc3 20. Nb3 Be6 21. Bd2
Qc7 22. d5 Bd7 23. Bb4 Bf8 24. Kh2 Qc4 25. Qe1 Nh5 26. Qd2 Nf4 27. g3 Qf1 28.
gxf4 Qxh3+ 29. Kg1 Qxf3 30. Qe3 Qd1+ 31. Qe1 Qg4+ 32. Kh1 Qf3+ 33. Kh2 Qxf4+
34. Kg2 Qg4+ 35. Kh2 Be7 36. Qf1 Qh4+ 37. Kg1 Bh3 38. Qd3 Bg5 39. Qg3 Qh5 40.
f3 Be3+ 41. Kh1 Bf4 42. Qf2 Bg4+ 43. Kg1 Bxf3 44. Kf1 Qh1+ 45. Qg1 Bg2+ 46. Kf2
Be3+ 47. Kg3 0-1

[Event "ENCI Limburg-open A"]
[Site "Maastricht"]
[Date "2008.05.11"]
[Round "4"]
[White "Hazenberg, Frans"]
[Black "De Ridder, Dieter"]
[Result "1-0"]
[WhiteElo "1986"]
[BlackElo "1778"]
[PlyCount "87"]
[EventDate "2008.05.09"]
[EventType "swiss"]
[EventRounds "7"]
[EventCountry "NED"]
[Source "P.Boonen"]
[SourceDate "2010.01.01"]

1. e4 e6 2. d4 d5 3. Nc3 Nf6 4. Bg5 Be7 5. e5 Nfd7 6. Bxe7 Qxe7 7. f4 O-O 8.
Nf3 c5 9. Bd3 cxd4 10. Bxh7+ Kxh7 11. Ng5+ Qxg5 12. fxg5 dxc3 13. bxc3 Nxe5 14.
Qh5+ Kg8 15. O-O Nbc6 16. Rae1 Ng6 17. Re3 e5 18. g4 Nce7 19. Rh3 Re8 20. Qh7+
Kf8 21. Rh6 Nf4 22. Qh8+ Ng8 23. Rh7 Ne6 24. g6 Re7 25. h4 f6 26. h5 Nf4 27.
Rxf4 exf4 28. h6 Be6 29. Rxg7 Rae8 30. Rxg8+ Bxg8 31. Qxf6+ Bf7 32. h7 Re1+ 33.
Kf2 R8e2+ 34. Kf3 Re3+ 35. Kxf4 Rf1+ 36. Kg5 Rxf6 37. h8=Q+ Bg8 38. Qxf6+ Ke8
39. g7 Kd7 40. Qf5+ Kd8 41. Qf8+ Re8 42. Kf6 a6 43. g5 Kd7 44. Qxg8 1-0

[Event "ENCI Limburg-open A"]
[Site "Maastricht"]
[Date "2008.05.11"]
[Round "4"]
[White "Held, Benjamin"]
[Black "Bok, Benjamin"]
[Result "0-1"]
[WhiteElo "1856"]
[BlackElo "2180"]
[PlyCount "34"]
[EventDate "2008.05.09"]
[EventType "swiss"]
[EventRounds "7"]
[EventCountry "NED"]
[Source "P.Boonen"]
[SourceDate "2010.01.01"]

1. e4 e5 2. Nf3 Nc6 3. Bc4 Bc5 4. O-O Nf6 5. c3 d6 6. d4 exd4 7. cxd4 Bb6 8. h3
O-O 9. Nc3 Nxe4 10. Bxf7+ Rxf7 11. Nxe4 d5 12. Bg5 Qf8 13. Ng3 Bxh3 14. Ne5
Nxe5 15. dxe5 Be6 16. Qd2 h6 17. Bh4 Rf4 0-1

[Event "ENCI Limburg-open A"]
[Site "Maastricht"]
[Date "2008.05.11"]
[Round "4"]
[White "Holscher, Peter"]
[Black "Goossens, Hanne"]
[Result "1-0"]
[WhiteElo "2072"]
[BlackElo "1909"]
[PlyCount "135"]
[EventDate "2008.05.09"]
[EventType "swiss"]
[EventRounds "7"]
[EventCountry "NED"]
[Source "P.Boonen"]
[SourceDate "2010.01.01"]

1. d4 f5 2. Nf3 g6 3. g3 Nf6 4. Bg2 Bg7 5. c4 O-O 6. Nc3 d6 7. O-O Qe8 8. d5
Na6 9. Nd4 Bd7 10. h3 c6 11. Be3 h6 12. Nb3 Kh7 13. Na5 Qc8 14. Rc1 f4 15. Bxf4
Bxh3 16. dxc6 b6 17. Nb3 Bxg2 18. Kxg2 Qxc6+ 19. f3 Qxc4 20. Ne4 Qa4 21. Nc3
Qd7 22. e4 Nc5 23. Rh1 Nh5 24. Be3 Rac8 25. Qd2 Nxb3 26. axb3 e5 27. Rcd1 Qf7
28. Qe2 Qd7 29. Rd3 Rcd8 30. b4 Nf6 31. g4 h5 32. Bg5 Kg8 33. Bxf6 Bxf6 34.
gxh5 gxh5 35. Rxh5 Qg7+ 36. Kf1 Kf7 37. Qg2 Qxg2+ 38. Kxg2 Rg8+ 39. Kf1 Rg7 40.
Rf5 Ke6 41. Nd5 Be7 42. Rc3 Rdg8 43. Ne3 Rg1+ 44. Ke2 Rb1 45. Rc2 Rgg1 46. Kd3
Bg5 47. Ng4 Rgd1+ 48. Kc3 Bh4 49. Kb3 Rd3+ 50. Ka2 Rf1 51. Rc3 Rxc3 52. bxc3
Be7 53. Ne3 Rh1 54. Kb3 b5 55. Nd5 Bd8 56. Rf8 Bb6 57. c4 bxc4+ 58. Kxc4 Bd4
59. Kb5 Ra1 60. Kc6 Rc1+ 61. Kb7 Rc2 62. Rf6+ Kd7 63. Rf7+ Kd8 64. Nc7 Bb6 65.
Nb5 Rb2 66. Nxd6 Rxb4 67. Kc6 Rb3 68. Rd7# 1-0

[Event "ENCI Limburg-open A"]
[Site "Maastricht"]
[Date "2008.05.11"]
[Round "4"]
[White "Jones, Gawain C"]
[Black "Akstinat, Sven Holger"]
[Result "1-0"]
[WhiteElo "2522"]
[BlackElo "2179"]
[PlyCount "59"]
[EventDate "2008.05.09"]
[EventType "swiss"]
[EventRounds "7"]
[EventCountry "NED"]
[Source "P.Boonen"]
[SourceDate "2010.01.01"]

1. d4 e6 2. e4 d5 3. Nd2 dxe4 4. Nxe4 Nf6 5. Nxf6+ gxf6 6. Bd3 c5 7. Nf3 Nc6 8.
dxc5 Bxc5 9. c3 Qb6 10. O-O Bd7 11. Bh6 Bf8 12. Bxf8 Kxf8 13. Nd2 Ke7 14. Nc4
Qc5 15. b4 Qd5 16. Ne3 Qd6 17. Qe2 Ne5 18. Rad1 Qc6 19. Bb1 Qxc3 20. f4 Bc6 21.
fxe5 Qxe5 22. Qf2 Rag8 23. b5 Bxb5 24. Nf5+ Kf8 25. Rd8+ Be8 26. Nd6 Ke7 27.
Rd1 h5 28. Kh1 f5 29. Qh4+ f6 30. Nxe8 1-0

[Event "ENCI Limburg-open A"]
[Site "Maastricht"]
[Date "2008.05.11"]
[Round "4"]
[White "Karns, Tobias"]
[Black "Coenen, Bert"]
[Result "1-0"]
[WhiteElo "2022"]
[BlackElo "1830"]
[PlyCount "53"]
[EventDate "2008.05.09"]
[EventType "swiss"]
[EventRounds "7"]
[EventCountry "NED"]
[Source "P.Boonen"]
[SourceDate "2010.01.01"]

1. e4 e5 2. Nf3 Nf6 3. Nxe5 d6 4. Nf3 Nxe4 5. d4 d5 6. Bd3 Nc6 7. O-O Bg4 8. c3
Be7 9. h3 Bh5 10. Re1 Nf6 11. Bg5 O-O 12. Nbd2 Bxf3 13. Nxf3 Qd6 14. Ne5 Rae8
15. Qc2 h6 16. Bf4 Qd8 17. Bb5 Bd6 18. Bxc6 bxc6 19. Nxc6 Qd7 20. Bxd6 cxd6 21.
Nb4 Re4 22. f3 Re6 23. Nd3 Nh5 24. Qd2 Rg6 25. Kh2 Qf5 26. g4 Qxf3 27. Re3 1-0

[Event "ENCI Limburg-open A"]
[Site "Maastricht"]
[Date "2008.05.11"]
[Round "4"]
[White "Konijn, Bart"]
[Black "Beijerinck, Nick"]
[Result "1-0"]
[WhiteElo "2236"]
[BlackElo "2023"]
[PlyCount "61"]
[EventDate "2008.05.09"]
[EventType "swiss"]
[EventRounds "7"]
[EventCountry "NED"]
[Source "P.Boonen"]
[SourceDate "2010.01.01"]

1. e4 c5 2. Nf3 d6 3. d4 cxd4 4. Nxd4 Nf6 5. Nc3 Nc6 6. f4 Bd7 7. Be2 Qb6 8.
Nb3 e6 9. a3 Na5 10. Nxa5 Qxa5 11. Qd3 Be7 12. Bd2 Qc7 13. O-O-O O-O 14. g4 d5
15. exd5 Nxd5 16. Nxd5 exd5 17. Qh3 Rfc8 18. Bd3 h6 19. Kb1 Qb6 20. Qh5 Bxa3
21. Bc1 Bf8 22. g5 g6 23. Qh4 h5 24. f5 a5 25. Rhf1 Bg7 26. Qf4 Be8 27. f6 Bf8
28. Bxg6 fxg6 29. f7+ Kh7 30. fxe8=Q Rxe8 31. Qf7+ 1-0

[Event "ENCI Limburg-open A"]
[Site "Maastricht"]
[Date "2008.05.11"]
[Round "4"]
[White "Konijn, Rob"]
[Black "Lemmen, Raoul"]
[Result "1-0"]
[WhiteElo "2124"]
[BlackElo "1877"]
[PlyCount "67"]
[EventDate "2008.05.09"]
[EventType "swiss"]
[EventRounds "7"]
[EventCountry "NED"]
[Source "P.Boonen"]
[SourceDate "2010.01.01"]

1. e4 c5 2. Nf3 Nc6 3. d4 cxd4 4. Nxd4 Nf6 5. Nc3 e5 6. Ndb5 d6 7. Bg5 a6 8.
Na3 b5 9. Nd5 Be7 10. Bxf6 Bxf6 11. c3 O-O 12. Nc2 Bg5 13. a4 bxa4 14. Rxa4 Ne7
15. Bc4 Nxd5 16. Bxd5 Rb8 17. Nb4 Qc7 18. Qa1 Bd7 19. Rxa6 Rxb4 20. Ra7 Qb8 21.
cxb4 Qxb4+ 22. Kf1 g6 23. h4 Bf4 24. g3 Bxg3 25. Rxd7 Qb5+ 26. Kg2 Qxd7 27.
fxg3 Qb5 28. Rf1 Kg7 29. Rf2 f5 30. Qa7+ Kh6 31. Qe7 Rb8 32. Rxf5 Qxb2+ 33. Kh3
Qe2 34. Qg5+ 1-0

[Event "ENCI Limburg-open A"]
[Site "Maastricht"]
[Date "2008.05.11"]
[Round "4"]
[White "Laarhoven, Thijs"]
[Black "Bomans, Arno"]
[Result "0-1"]
[WhiteElo "2193"]
[BlackElo "1955"]
[PlyCount "84"]
[EventDate "2008.05.09"]
[EventType "swiss"]
[EventRounds "7"]
[EventCountry "NED"]
[Source "P.Boonen"]
[SourceDate "2010.01.01"]

1. e4 e5 2. Bc4 d6 3. Nc3 c6 4. Nf3 Be7 5. d4 Nd7 6. O-O Ngf6 7. a4 O-O 8. Qe2
Qc7 9. Rd1 b6 10. h3 a6 11. g4 Bb7 12. g5 Ne8 13. d5 c5 14. Kh2 Qd8 15. Rg1 g6
16. Be3 Bc8 17. Rg2 Ng7 18. Rag1 Nh5 19. Qd2 Rb8 20. Be2 Re8 21. b3 Bf8 22. Bd3
Bg7 23. Ne2 b5 24. axb5 axb5 25. Ng3 Nf4 26. Bxf4 exf4 27. Qxf4 Ne5 28. Nxe5
Bxe5 29. Qh4 h6 30. Qxh6 Bf4 31. h4 Be5 32. f4 Bg7 33. Qxg7+ Kxg7 34. f5 Rh8
35. f6+ Kg8 36. h5 Qd7 37. Kh1 Qg4 38. Be2 Qxg5 39. Rf2 Kf8 40. Kg2 gxh5 41.
Kh1 Rg8 42. Rh2 h4 0-1

[Event "ENCI Limburg-open A"]
[Site "Maastricht"]
[Date "2008.05.11"]
[Round "4"]
[White "Lafosse, Jimmy"]
[Black "Berg, Emanuel"]
[Result "0-1"]
[WhiteElo "1956"]
[BlackElo "2601"]
[PlyCount "50"]
[EventDate "2008.05.09"]
[EventType "swiss"]
[EventRounds "7"]
[EventCountry "NED"]
[Source "P.Boonen"]
[SourceDate "2010.01.01"]

1. Nf3 f5 2. d4 Nf6 3. Bg5 Ne4 4. h4 g6 5. Nbd2 Bg7 6. e3 Nxd2 7. Qxd2 d6 8.
Bc4 h6 9. Bf4 Nd7 10. O-O-O Nf6 11. Qe2 e6 12. Nd2 Qe7 13. c3 e5 14. dxe5 dxe5
15. Bh2 Bd7 16. e4 f4 17. f3 O-O-O 18. Bg1 Kb8 19. Qf2 b6 20. g4 fxg3 21. Qxg3
Be6 22. Qxe5 Nd5 23. Qg3 Nxc3 24. Re1 Qb4 25. Rh2 Ne2+ 0-1

[Event "ENCI Limburg-open A"]
[Site "Maastricht"]
[Date "2008.05.11"]
[Round "4"]
[White "Larmuseau, Maarten"]
[Black "Smits, Benjamin"]
[Result "1-0"]
[WhiteElo "2058"]
[BlackElo "1798"]
[PlyCount "61"]
[EventDate "2008.05.09"]
[EventType "swiss"]
[EventRounds "7"]
[EventCountry "NED"]
[Source "P.Boonen"]
[SourceDate "2010.01.01"]

1. e4 c5 2. Nc3 Nc6 3. Bb5 a6 4. Bxc6 bxc6 5. d3 g6 6. f4 Bg7 7. Nf3 d6 8. O-O
e6 9. Be3 Ne7 10. e5 Nd5 11. Bd2 Nxc3 12. Bxc3 d5 13. b3 Qb6 14. Kh1 O-O 15.
Qe1 a5 16. Qf2 Bd7 17. a4 Rfc8 18. Rad1 Qa7 19. Nd2 Be8 20. Bb2 Qe7 21. Ba3 d4
22. Ne4 Bf8 23. Bxc5 Qc7 24. Nf6+ Kg7 25. Bxf8+ Kxf8 26. Nxh7+ Kg7 27. Qh4 Qd8
28. Nf6 c5 29. Rf3 Bc6 30. Rh3 Qh8 31. Ne8+ 1-0

[Event "ENCI Limburg-open A"]
[Site "Maastricht"]
[Date "2008.05.11"]
[Round "4"]
[White "Larmuseau, Michiel"]
[Black "Schubert, Karl"]
[Result "1-0"]
[WhiteElo "1952"]
[BlackElo "1899"]
[PlyCount "51"]
[EventDate "2008.05.09"]
[EventType "swiss"]
[EventRounds "7"]
[EventCountry "NED"]
[Source "P.Boonen"]
[SourceDate "2010.01.01"]

1. e4 d6 2. Nc3 Nf6 3. f4 g6 4. Nf3 Bg7 5. Bc4 c6 6. O-O b5 7. Bb3 b4 8. e5
bxc3 9. exf6 cxb2 10. Bxb2 Bxf6 11. Bxf6 exf6 12. Re1+ Kf8 13. Qe2 Ba6 14. Qe4
d5 15. Qb4+ Kg7 16. Kh1 Bb5 17. a4 a5 18. Qc5 Ba6 19. Nd4 Bb7 20. Re7 Bc8 21.
Rae1 Ra6 22. f5 Qb6 23. Rxf7+ Kxf7 24. Qe7+ Kg8 25. Qxf6 Bd7 26. Re7 1-0

[Event "ENCI Limburg-open A"]
[Site "Maastricht"]
[Date "2008.05.11"]
[Round "4"]
[White "Leenaerts, Robin"]
[Black "Wang, Puchen"]
[Result "0-1"]
[WhiteElo "2153"]
[BlackElo "2397"]
[PlyCount "92"]
[EventDate "2008.05.09"]
[EventType "swiss"]
[EventRounds "7"]
[EventCountry "NED"]
[Source "P.Boonen"]
[SourceDate "2010.01.01"]

1. e4 c6 2. d4 d5 3. exd5 cxd5 4. c4 Nf6 5. Nc3 Nc6 6. Bg5 dxc4 7. Bxc4 Qxd4 8.
Qxd4 Nxd4 9. O-O-O e5 10. f4 Bg4 11. Nf3 Bxf3 12. gxf3 Rc8 13. fxe5 Rxc4 14.
exf6 Ne6 15. Rhe1 g6 16. Kb1 Rc6 17. Nd5 Bd6 18. Be3 a6 19. Re2 h5 20. h4 O-O
21. Ne7+ Bxe7 22. fxe7 Re8 23. Bg5 f6 24. Bd2 Rxe7 25. Bb4 Rf7 26. Bd6 Rd7 27.
Rxe6 Kf7 28. Re4 Rcxd6 29. Rxd6 Rxd6 30. a4 g5 31. Kc2 b6 32. b4 Kg6 33. Kc3 f5
34. Rc4 gxh4 35. Rxh4 Kg5 36. Rh1 h4 37. Kc4 Rh6 38. Rh3 Kf4 39. Kd5 Ke3 40.
Ke5 Kf2 41. f4 Kg2 42. Ra3 h3 43. Kxf5 h2 44. Ra1 h1=Q 45. Rxh1 Rxh1 46. Ke6
Rb1 0-1

[Event "ENCI Limburg-open A"]
[Site "Maastricht"]
[Date "2008.05.11"]
[Round "4"]
[White "Lehaen, Frank"]
[Black "Kamps, Sjaak"]
[Result "1/2-1/2"]
[WhiteElo "1931"]
[BlackElo "2089"]
[PlyCount "36"]
[EventDate "2008.05.09"]
[EventType "swiss"]
[EventRounds "7"]
[EventCountry "NED"]
[Source "P.Boonen"]
[SourceDate "2010.01.01"]

1. d4 Nf6 2. c4 c5 3. Nf3 cxd4 4. Nxd4 g6 5. g3 Qc7 6. b3 Nc6 7. Bg2 Bg7 8. Bb2
O-O 9. O-O d6 10. Nc3 a6 11. Rc1 Nxd4 12. Qxd4 Be6 13. Nd5 Bxd5 14. Bxd5 Rab8
15. Bg2 Rfd8 16. Kh1 Qa5 17. Qc3 Qxc3 18. Bxc3 Nd7 1/2-1/2

[Event "ENCI Limburg-open A"]
[Site "Maastricht"]
[Date "2008.05.11"]
[Round "4"]
[White "Lentjes, Noud"]
[Black "Eijk, Yuri"]
[Result "0-1"]
[WhiteElo "1899"]
[BlackElo "2012"]
[PlyCount "104"]
[EventDate "2008.05.09"]
[EventType "swiss"]
[EventRounds "7"]
[EventCountry "NED"]
[Source "P.Boonen"]
[SourceDate "2010.01.01"]

1. e4 c5 2. Nf3 Nc6 3. d4 cxd4 4. Nxd4 g6 5. Nc3 Bg7 6. Be3 Nf6 7. Be2 O-O 8.
O-O d5 9. exd5 Nxd5 10. Nxd5 Qxd5 11. Nxc6 Qxc6 12. c3 Be6 13. Bf3 Qa6 14. Qc2
Rfd8 15. Rfd1 h5 16. Rd2 Rac8 17. Rad1 Rxd2 18. Rxd2 Qxa2 19. Bxb7 Rb8 20. Be4
Qa1+ 21. Rd1 Qxb2 22. Bxa7 Qxc2 23. Bxc2 Rc8 24. Be4 Rxc3 25. h3 Bf6 26. Bd4
Bxd4 27. Rxd4 Rc4 28. Rd8+ Kg7 29. Bf3 h4 30. Rd2 Ra4 31. Kh2 Ra2 32. Rxa2 Bxa2
33. g3 hxg3+ 34. fxg3 g5 35. g4 Kf6 36. Kg3 Ke5 37. h4 gxh4+ 38. Kxh4 Kf4 39.
Bd1 f6 40. Kh5 Be6 41. Be2 Bd7 42. Bd1 e5 43. Be2 e4 44. Bd1 e3 45. Be2 Bc8 46.
Bd1 Ba6 47. Kg6 Ke5 48. g5 f5 49. Kh7 e2 50. Bxe2 Bxe2 51. g6 f4 52. g7 Bc4 0-1

[Event "ENCI Limburg-open A"]
[Site "Maastricht"]
[Date "2008.05.11"]
[Round "4"]
[White "Lukman, Ronny"]
[Black "Boulahfa, Hicham"]
[Result "1-0"]
[WhiteElo "2228"]
[BlackElo "2000"]
[PlyCount "61"]
[EventDate "2008.05.09"]
[EventType "swiss"]
[EventRounds "7"]
[EventCountry "NED"]
[Source "P.Boonen"]
[SourceDate "2010.01.01"]

1. e4 c5 2. Nf3 d6 3. c3 Nf6 4. Be2 Bd7 5. e5 dxe5 6. Nxe5 Nc6 7. Nxd7 Qxd7 8.
O-O g6 9. a3 Bg7 10. b4 cxb4 11. axb4 O-O 12. b5 Nd8 13. Ra5 e5 14. Qa4 b6 15.
Ra6 Ne6 16. Ba3 Rfd8 17. d4 exd4 18. Bf3 Nd5 19. c4 Ndc7 20. Rxa7 Rab8 21. Bc6
Qc8 22. Be7 Rd7 23. Bxd7 Qxd7 24. Qa3 Be5 25. Nd2 Nf4 26. Re1 d3 27. Bh4 Bd6
28. Qa1 Qg4 29. Bg3 Nce6 30. Ne4 Ne2+ 31. Rxe2 1-0

[Event "ENCI Limburg-open A"]
[Site "Maastricht"]
[Date "2008.05.11"]
[Round "4"]
[White "Magnussen, Helge"]
[Black "Tempelman, Kristianne"]
[Result "1-0"]
[WhiteElo "2039"]
[BlackElo "1896"]
[PlyCount "87"]
[EventDate "2008.05.09"]
[EventType "swiss"]
[EventRounds "7"]
[EventCountry "NED"]
[Source "P.Boonen"]
[SourceDate "2010.01.01"]

1. d4 d5 2. c4 e6 3. Nc3 c6 4. Nf3 dxc4 5. e3 b5 6. a4 Bb4 7. Bd2 a5 8. axb5
Bxc3 9. Bxc3 cxb5 10. b3 Bb7 11. bxc4 b4 12. Bb2 Nf6 13. Bd3 O-O 14. O-O Nbd7
15. Nd2 e5 16. dxe5 Nxe5 17. Bxh7+ Nxh7 18. Bxe5 Qg5 19. Bg3 Rfd8 20. Qc2 Nf6
21. Rfd1 Re8 22. Nf3 Qg4 23. Rd4 Qe6 24. Qb2 Ne4 25. Rad1 Rec8 26. Bf4 Ba6 27.
Ne5 Nc5 28. Qb1 Na4 29. Rd6 Nc3 30. Rxe6 Nxb1 31. Re7 Nc3 32. Rdd7 Bxc4 33.
Nxc4 Ne2+ 34. Kf1 Nxf4 35. exf4 Rxc4 36. Rxf7 Kh8 37. Rxg7 Rxf4 38. g3 Rf5 39.
g4 Rf4 40. Kg2 b3 41. Rh7+ Kg8 42. Rdg7+ Kf8 43. Rb7 a4 44. Rh8# 1-0

[Event "ENCI Limburg-open A"]
[Site "Maastricht"]
[Date "2008.05.11"]
[Round "4"]
[White "Merx, Bob"]
[Black "Klein, Leo"]
[Result "1-0"]
[WhiteElo "2106"]
[BlackElo "2081"]
[PlyCount "123"]
[EventDate "2008.05.09"]
[EventType "swiss"]
[EventRounds "7"]
[EventCountry "NED"]
[Source "P.Boonen"]
[SourceDate "2010.01.01"]

1. e4 e6 2. d3 d5 3. Nd2 c5 4. Ngf3 Nc6 5. g3 Nf6 6. Bg2 Be7 7. O-O O-O 8. Re1
d4 9. e5 Nd5 10. h4 Bd7 11. Nf1 f6 12. exf6 Bxf6 13. Ng5 Nc7 14. Be4 h6 15. Nh7
Rf7 16. Bg6 Ne5 17. Nxf6+ Rxf6 18. Be4 Nc6 19. Nh2 Be8 20. Ng4 Rf8 21. Bf4 Nd5
22. Bd2 h5 23. Nh2 Qd7 24. Bf3 Qf7 25. Qe2 Nd8 26. Bg5 Nf6 27. Bf4 Bc6 28. Bxc6
bxc6 29. Bd6 Re8 30. Bxc5 e5 31. Qf3 Qd7 32. Re2 Rb8 33. b3 Rb5 34. Ba3 Ra5 35.
Bb4 Rb5 36. Bd2 Rf8 37. a4 Rd5 38. Qg2 Qf5 39. Rae1 Nf7 40. Nf3 Ng4 41. Bb4 Re8
42. Nd2 Nf6 43. Ne4 Qg6 44. Nxf6+ gxf6 45. f4 Rb8 46. Bd2 Qg4 47. Rf1 Kg7 48.
fxe5 Rxe5 49. Ref2 Re6 50. Rf4 Qg6 51. Rxd4 Rbe8 52. Rdf4 Ne5 53. Re4 f5 54.
Rxe5 Rxe5 55. Bc3 Kh7 56. Bxe5 Rxe5 57. Qf2 a5 58. Qf4 Rd5 59. Re1 Qf6 60. Qc7+
Kg6 61. Qc8 Qd4+ 62. Kg2 1-0

[Event "ENCI Limburg-open A"]
[Site "Maastricht"]
[Date "2008.05.11"]
[Round "4"]
[White "Michalczak, Thomas"]
[Black "Van Eijndhoven, Erik"]
[Result "1-0"]
[WhiteElo "2329"]
[BlackElo "2158"]
[PlyCount "69"]
[EventDate "2008.05.09"]
[EventType "swiss"]
[EventRounds "7"]
[EventCountry "NED"]
[Source "P.Boonen"]
[SourceDate "2010.01.01"]

1. e4 e6 2. d4 d5 3. Nc3 dxe4 4. Nxe4 Nf6 5. Nxf6+ gxf6 6. Be3 b6 7. Qf3 c6 8.
O-O-O Bb7 9. Bc4 Nd7 10. Nh3 Bd6 11. Rhe1 Qc7 12. Qh5 Nf8 13. Bh6 O-O-O 14. Bg7
Rg8 15. Bxf6 Rd7 16. g3 b5 17. Bd3 Ba6 18. Bxh7 Qa5 19. Kb1 Nxh7 20. Qxh7 Re8
21. Ng5 Be7 22. Bxe7 Rexe7 23. Qh8+ Kb7 24. Ne4 Rd8 25. Qf6 Qc7 26. Nc5+ Kb6
27. h4 e5 28. Nxa6 Kxa6 29. dxe5 Rxe5 30. b3 Rd2 31. Rxd2 Rxe1+ 32. Kb2 Re6 33.
Qd8 Qe5+ 34. Qd4 Qh5 35. a4 1-0